[Event "Catalunya-chT Gp1"]
[Site "Barcelona"]
[Date "2023.02.11"]
[Round "4.3"]
[White "Asis Gargatagli, Hipolito"]
[Black "Sama Salinas, Hector"]
[Result "1-0"]
[WhiteElo "2501"]
[BlackElo "2350"]
[PlyCount "83"]
[EventDate "2023.01.21"]
[EventType "team-tourn"]
[EventRounds "7"]
[EventCountry "ESP"]
[SourceTitle "CBM 213 Extra"]
[Source "ChessBase"]
[SourceDate "2023.05.31"]
[SourceVersion "1"]
[SourceVersionDate "2023.05.31"]
[SourceQuality "1"]
[WhiteTeam "Barbera"]
[BlackTeam "Sant Cugat"]
[WhiteTeamCountry "ESP"]
[BlackTeamCountry "ESP"]

1. e4 e6 2. d4 d5 3. Nc3 dxe4 4. Nxe4 Bd7 5. Nf3 Bc6 6. Bd3 Nd7 7. 0-0 Ngf6 8. Nc3 Bb4 9. Qe2 0-0 10. Rd1 Bxf3 11. Qxf3 c6 12. Ne4 Nxe4 13. Qxe4 Nf6 14. Qe2 Qc7 15. g3 Rfe8 16. Bg5 Be7 17. c3 Nd7 18. Be3 Bf6 19. Be4 Rad8 20. Qh5 Nf8 21. Qf3 Rd7 22. Re1 Red8 23. Re2 Ng6 24. h4 Ne7 25. Rae1 Nd5 26. Bc1 Be7 27. Bc2 Nf6 28. Bf4 Qa5 29. Bb3 Qh5 30. Qg2 Bd6 31. Bg5 Re8 32. f3 h6 33. g4 Qg6 34. Bc2 hxg5 35. Bxg6 fxg6 36. Rxe6 Rxe6 37. Rxe6 gxh4 38. g5 Nd5 39. Qg4 Rd8 40. Qxh4 Kf7 41. Qe4 Ne7 42. Rxg6 1-0

[Event "Catalunya-chT Gp1"]
[Site "Barcelona"]
[Date "2020.02.08"]
[Round "4.4"]
[White "Ortega Serra, Marc"]
[Black "Sama Salinas, Hector"]
[Result "0-1"]
[WhiteElo "2295"]
[BlackElo "2296"]
[PlyCount "86"]
[EventDate "2020.01.18"]
[EventType "team-tourn"]
[EventRounds "7"]
[EventCountry "ESP"]
[SourceTitle "CBM 194 Extra"]
[Source "ChessBase"]
[SourceDate "2020.03.31"]
[SourceVersion "1"]
[SourceVersionDate "2020.03.31"]
[SourceQuality "1"]
[WhiteTeam "Cerdanyola Valles"]
[BlackTeam "Sant Cugat"]
[WhiteTeamCountry "ESP"]
[BlackTeamCountry "ESP"]

1. d4 Nf6 2. c4 g6 3. Nc3 Bg7 4. e4 d6 5. f4 0-0 6. Nf3 c5 7. d5 e6 8. dxe6 fxe6 9. Bd3 Nc6 10. 0-0 Nd4 11. Ng5 e5 12. f5 Qe8 13. g4 h6 14. Nh3 Bd7 15. Nf2 Bc6 16. Nd5 gxf5 17. gxf5 Bxd5 18. cxd5 Qh5 19. Qxh5 Nxh5 20. Ng4 Nf4 21. Bxf4 exf4 22. Rxf4 h5 23. Ne3 Bh6 24. Ng2 Bxf4 25. Nxf4 Kf7 26. Kf2 Rac8 27. Rd1 Rg8 28. h3 Kf6 29. Ng6 b5 30. Ke3 Rge8 31. Kf4 a5 32. Bf1 a4 33. a3 Rb8 34. Re1 Nxf5 35. e5+ Kxg6 36. Bd3 dxe5+ 37. Rxe5 Rxe5 38. Kxe5 Re8+ 39. Kf4 Kf6 40. Bxf5 Re2 41. d6 Rf2+ 42. Ke4 Rxf5 43. d7 Re5+ 0-1

[Event "ESP-ch U18"]
[Site "Salobrena"]
[Date "2019.07.27"]
[Round "9"]
[White "Sama Salinas, Hector"]
[Black "Ayats Llobera, Gerard"]
[Result "1/2-1/2"]
[WhiteElo "2340"]
[BlackElo "2389"]
[PlyCount "43"]
[EventDate "2019.07.22"]
[EventType "swiss"]
[EventRounds "9"]
[EventCountry "ESP"]
[SourceTitle "CBM 191 Extra"]
[Source "ChessBase"]
[SourceDate "2019.09.30"]
[SourceVersion "1"]
[SourceVersionDate "2019.09.30"]
[SourceQuality "1"]

1. Nf3 Nf6 2. g3 c5 3. Bg2 Nc6 4. 0-0 d5 5. d3 e6 6. Nbd2 Be7 7. e4 0-0 8. Re1 Qc7 9. Nf1 b5 10. e5 Nd7 11. Bf4 Bb7 12. Ne3 Nb6 13. Ng4 Rfc8 14. Nf6+ Bxf6 15. exf6 Qd8 16. fxg7 Qf6 17. Qc1 Qxg7 18. Bh6 Qf6 19. Bg5 Qg7 20. Bh6 Qf6 21. Bg5 Qg7 22. Bh6 1/2-1/2

[Event "ESP-ch U18"]
[Site "Salobrena"]
[Date "2019.07.26"]
[Round "7"]
[White "Sama Salinas, Hector"]
[Black "Lianes Garcia, Marcos"]
[Result "1/2-1/2"]
[WhiteElo "2340"]
[BlackElo "2346"]
[PlyCount "332"]
[EventDate "2019.07.22"]
[EventType "swiss"]
[EventRounds "9"]
[EventCountry "ESP"]
[SourceTitle "CBM 191 Extra"]
[Source "ChessBase"]
[SourceDate "2019.09.30"]
[SourceVersion "1"]
[SourceVersionDate "2019.09.30"]
[SourceQuality "1"]

1. Nf3 Nf6 2. g3 g6 3. Bg2 Bg7 4. 0-0 d5 5. d3 0-0 6. a3 c5 7. Nc3 Nc6 8. Rb1 a5 9. e4 d4 10. Na4 Nd7 11. c4 e5 12. Bh3 b6 13. Nh4 Rb8 14. Qe1 Nf6 15. Bxc8 Qxc8 16. Bd2 Qd7 17. Qd1 Qd6 18. b3 Qe7 19. Qe1 Nd7 20. b4 axb4 21. axb4 Ra8 22. b5 Nd8 23. Ra1 Ne6 24. Qe2 Nc7 25. Nb2 Rfc8 26. Rfb1 Qd8 27. Qd1 Bf8 28. Rxa8 Rxa8 29. Ra1 Rxa1 30. Qxa1 Qa8 31. Qxa8 Nxa8 32. Kf1 Nc7 33. Ng2 f6 34. Ke2 Kf7 35. f3 Be7 36. Nd1 Bd8 37. Nf2 Ne8 38. Kd1 Bc7 39. Ke2 Nd6 40. Kd1 Nc8 41. Ke2 Ne7 42. Kd1 Nf8 43. Ke2 Ne6 44. Kd1 Kg7 45. Ke2 Bd6 46. Kd1 Ng8 47. Ke2 Kf7 48. Kd1 Bf8 49. Ke2 Ke8 50. Nh4 Nd8 51. Ng4 Kf7 52. Nf2 Nb7 53. Nd1 Ne7 54. Nb2 Nc8 55. Kd1 Ke6 56. Ke2 Nbd6 57. Na4 Nf7 58. Bc1 Be7 59. Ng2 Bd8 60. Bd2 Kd6 61. Bc1 Kd7 62. Bd2 Ncd6 63. Bc1 Kc7 64. Bd2 Ne8 65. Nb2 Kd7 66. Na4 Bc7 67. Bc1 Nd8 68. Bd2 Ne6 69. Bc1 Ke7 70. Bd2 Nf8 71. Bc1 Nd7 72. Bd2 Ke6 73. Bc1 Nd6 74. Bd2 Nf7 75. Bc1 Bd8 76. Bd2 Be7 77. Bc1 Bf8 78. Bd2 Bh6 79. Bxh6 Nxh6 80. Kf2 Nf7 81. h4 Nd6 82. Ke2 f5 83. Ne1 Kf6 84. g4 Ke6 85. g5 Nf7 86. Ng2 f4 87. Nb2 Nd6 88. Nd1 Nf7 89. Nf2 h6 90. gxh6 Nxh6 91. Nh3 Kf6 92. Ne1 Nf8 93. Nc2 Nf7 94. Nf2 Ke6 95. Ng4 Nd6 96. Na3 Ne8 97. Nb1 Ng7 98. Nd2 Nh5 99. Nf1 Kd6 100. Nh6 Ke7 101. Ng4 Nd7 102. Kf2 Kd6 103. Nh6 Ndf6 104. Nf7+ Ke6 105. Ng5+ Ke7 106. Nh3 Ng7 107. Ng5 Nge8 108. Kg2 Nd6 109. Nd2 Nh5 110. Nf1 Nb7 111. Kf2 Nf6 112. Kg2 Na5 113. Nd2 Nh5 114. Kf2 Ng7 115. Kg2 Ne8 116. Kf2 Kf6 117. Kg2 Nc7 118. Kh3 Ne8 119. Kg4 Kg7 120. Kh3 Nf6 121. Kg2 Nd7 122. Kh3 Kh6 123. Nf7+ Kh5 124. Nd6 g5 125. hxg5 Kxg5 126. Nf5 Nb7 127. Ne7 Nd6 128. Nd5 Ne8 129. Nf1 Ng7 130. Nh2 Nh5 131. Nf1 Ng7 132. Nh2 Ne6 133. Nf1 Nef8 134. Nh2 Ng6 135. Nf1 Kh5 136. Nd2 Ngf8 137. Nf1 Nh7 138. Nh2 Ng5+ 139. Kg2 Nf7 140. Ng4 Kg5 141. Kh3 Nd6 142. Nh2 Ne8 143. Ng4 Kh5 144. Nh2 Nef6 145. Ne7 Kg5 146. Nf1 Nh7 147. Nd5 Kh5 148. Nh2 Nhf8 149. Ng4 Kg5 150. Nh2 Ng6 151. Nf1 Kh5 152. Nd2 Nh8 153. Nf1 Nf7 154. Nh2 Ng5+ 155. Kg2 Kh6 156. Kf2 Kg6 157. Ng4 Kg7 158. Kg2 Kg6 159. Kf2 Nf7 160. Kg2 Nd8 161. Ne7+ Kg5 162. Kh3 Nf7 163. Nd5 Nd6 164. Ne7 Kh5 165. Nd5 Kg5 166. Ne7 Kh5 1/2-1/2

[Event "EU-ch U16 28th"]
[Site "Riga"]
[Date "2018.08.23"]
[Round "4"]
[White "Sama Salinas, Hector"]
[Black "Amengual Perello, Jordi"]
[Result "1/2-1/2"]
[WhiteElo "2257"]
[BlackElo "1956"]
[PlyCount "38"]
[EventDate "2018.08.20"]
[EventType "swiss"]
[EventRounds "9"]
[EventCountry "LAT"]
[SourceTitle "CBM 186 Extra"]
[Source "ChessBase"]
[SourceDate "2018.08.24"]
[SourceVersion "1"]
[SourceVersionDate "2018.08.24"]
[SourceQuality "1"]

1. b3 d5 2. Bb2 e6 3. e3 Nf6 4. f4 Be7 5. Nf3 0-0 6. d3 c5 7. Nbd2 Nc6 8. Ne5 Qc7 9. Nxc6 Qxc6 10. Be2 b5 11. a4 a6 12. Nf3 Bb7 13. Ne5 Qc7 14. 0-0 Nd7 15. Qe1 f5 16. Bf3 Bd6 17. Nxd7 Qxd7 18. Qe2 Bc6 19. a5 b4 1/2-1/2

[Event "EU-ch U16 28th"]
[Site "Riga"]
[Date "2018.08.21"]
[Round "2"]
[White "Sama Salinas, Hector"]
[Black "Zarubitski, Viachaslau"]
[Result "0-1"]
[WhiteElo "2257"]
[BlackElo "2416"]
[PlyCount "102"]
[EventDate "2018.08.20"]
[EventType "swiss"]
[EventRounds "9"]
[EventCountry "LAT"]
[SourceTitle "CBM 186 Extra"]
[Source "ChessBase"]
[SourceDate "2018.08.24"]
[SourceVersion "1"]
[SourceVersionDate "2018.08.24"]
[SourceQuality "1"]

1. Nf3 d5 2. g3 Bf5 3. Bg2 c6 4. 0-0 e6 5. d3 Nf6 6. Nbd2 h6 7. Qe1 Bh7 8. e4 Be7 9. Ne5 0-0 10. f4 a5 11. Kh1 a4 12. a3 Re8 13. g4 Nfd7 14. Nxd7 Nxd7 15. Qg3 Ra5 16. f5 exf5 17. exf5 Bh4 18. Qh3 Bg5 19. Nf3 Bxc1 20. Raxc1 Qf6 21. Qg3 Rb5 22. Rfe1 Rc8 23. c4 dxc4 24. dxc4 Rxb2 25. Rcd1 Nf8 26. Qf4 Ra2 27. Qe4 Rxa3 28. Qe7 Qxe7 29. Rxe7 Rb3 30. Ne5 a3 31. Nxf7 a2 32. Be4 Ra8 33. Ra1 Ne6 34. Nxh6+ gxh6 35. Rxe6 Rb2 36. Rxh6 Ra3 37. Rd6 Re3 38. Bd3 Rd2 39. c5 Rexd3 40. Rxd3 Rxd3 41. Rxa2 Kg7 42. Rb2 Kf6 43. Rxb7 Bg8 44. Kg1 Rd2 45. Rb4 Kg5 46. h3 Bd5 47. Ra4 Rg2+ 48. Kf1 Rg3 49. Ra7 Rxh3 50. Rg7+ Kf4 51. f6 Ke5 0-1

[Event "Barcelona Sant Marti op-A 19th"]
[Site "Barcelona"]
[Date "2017.07.17"]
[Round "5"]
[White "Sama Salinas, Hector"]
[Black "Guix Torres, David"]
[Result "1-0"]
[WhiteElo "2205"]
[BlackElo "2055"]
[PlyCount "71"]
[EventDate "2017.07.13"]
[EventType "swiss"]
[EventRounds "9"]
[EventCountry "ESP"]
[SourceTitle "EXT 2018"]
[Source "ChessBase"]
[SourceDate "2017.10.13"]
[SourceVersion "1"]
[SourceVersionDate "2017.10.13"]
[SourceQuality "1"]

1. e4 c5 2. Nc3 Nc6 3. a3 g6 4. Bc4 Bg7 5. d3 e6 6. Ba2 Nge7 7. h4 h6 8. h5 g5 9. f4 gxf4 10. Bxf4 d6 11. Qd2 a6 12. Rb1 Qc7 13. Nge2 b5 14. b4 cxb4 15. axb4 Bb7 16. 0-0 Nxb4 17. Bb3 Qc5+ 18. d4 Qxh5 19. Bxd6 Nbc6 20. d5 Ne5 21. dxe6 fxe6 22. Bxe6 Rd8 23. Rbd1 Nc8 24. Bxc8 Bxc8 25. Nd5 Nc4 26. Nc7+ Kd7 27. Qb4 Bb7 28. Nf4 Qg4 29. Nfe6 Kc8 30. Qc5 Nxd6 31. Nxb5+ Kb8 32. Qa7+ Kc8 33. Qc5+ Kb8 34. Qc7+ Ka8 35. Nxd8 axb5 36. Ra1+ 1-0

[Event "Barcelona Sant Marti op-A 19th"]
[Site "Barcelona"]
[Date "2017.07.16"]
[Round "4"]
[White "Zubritskiy, Artyom"]
[Black "Sama Salinas, Hector"]
[Result "1-0"]
[WhiteElo "2442"]
[BlackElo "2205"]
[PlyCount "71"]
[EventDate "2017.07.13"]
[EventType "swiss"]
[EventRounds "9"]
[EventCountry "ESP"]
[SourceTitle "EXT 2018"]
[Source "ChessBase"]
[SourceDate "2017.10.13"]
[SourceVersion "1"]
[SourceVersionDate "2017.10.13"]
[SourceQuality "1"]

1. d4 g6 2. e4 Bg7 3. Nf3 c6 4. c4 d6 5. Nc3 Bg4 6. Be3 Nd7 7. Be2 Qc7 8. 0-0 Ngf6 9. Ne1 Bxe2 10. Qxe2 e5 11. d5 c5 12. Nd3 a6 13. a4 0-0 14. a5 Nh5 15. Rfc1 Rae8 16. b4 Nf4 17. Qd1 cxb4 18. Na4 Nxd3 19. Qxd3 f5 20. c5 f4 21. Bd2 Qxa5 22. c6 Nf6 23. Nc5 Qb5 24. Qxb5 axb5 25. Nxb7 b3 26. Rab1 Nxe4 27. Bb4 f3 28. Rxb3 Bh6 29. Re1 Nd2 30. Bxd2 Bxd2 31. Rd1 Bg5 32. Nxd6 Ra8 33. gxf3 Bd8 34. Nxb5 Bb6 35. Nd6 Bd4 36. c7 1-0

[Event "Montcada op-A 25th"]
[Site "Montcada"]
[Date "2017.06.26"]
[Round "1"]
[White "Peralta, Fernando"]
[Black "Sama Salinas, Hector"]
[Result "1-0"]
[WhiteElo "2569"]
[BlackElo "2205"]
[PlyCount "85"]
[EventDate "2017.06.26"]
[EventType "swiss"]
[EventRounds "9"]
[EventCountry "ESP"]
[SourceTitle "CBM 179 Extra"]
[Source "ChessBase"]
[SourceDate "2017.08.23"]
[SourceVersion "1"]
[SourceVersionDate "2017.08.23"]
[SourceQuality "1"]

1. d4 Nf6 2. c4 g6 3. Nc3 Bg7 4. e4 d6 5. Nf3 0-0 6. h3 e5 7. d5 Na6 8. Bg5 Qe8 9. g4 Nc5 10. Nd2 a5 11. Be2 c6 12. Be3 Nfd7 13. Nf1 Qe7 14. Ng3 Nb6 15. Qd2 cxd5 16. cxd5 Bd7 17. b3 Rfc8 18. Rc1 Qd8 19. Nb5 Bxb5 20. Bxb5 Nbd7 21. 0-0 b6 22. Kg2 Rc7 23. f3 Rac8 24. h4 Nb8 25. h5 Ncd7 26. Rh1 Rxc1 27. Rxc1 Rxc1 28. Qxc1 Nc5 29. Qc4 Bf8 30. a3 Be7 31. b4 axb4 32. axb4 Ncd7 33. Qc1 Nf8 34. Nf1 Nfd7 35. Qc2 Nf8 36. Ng3 Nfd7 37. Qa4 Qc7 38. Bc6 Nf8 39. Qa8 Bd8 40. Ne2 f6 41. Nc3 Nxc6 42. dxc6 Ne6 43. Nd5 1-0

[Event "Barcelona Tres Peons-G 46th"]
[Site "Barcelona"]
[Date "2017.05.26"]
[Round "6.4"]
[White "Sama Salinas, Hector"]
[Black "Comellas Blanchart, Jordi"]
[Result "1-0"]
[WhiteElo "2212"]
[BlackElo "2136"]
[PlyCount "61"]
[EventDate "2017.04.21"]
[EventType "swiss"]
[EventRounds "9"]
[EventCountry "ESP"]
[SourceTitle "EXT 2024"]
[Source "ChessBase"]
[SourceDate "2023.10.10"]
[SourceVersion "1"]
[SourceVersionDate "2023.10.10"]
[SourceQuality "1"]

1. d4 d5 2. Nf3 Nf6 3. c4 e6 4. cxd5 exd5 5. Nc3 c6 6. Qc2 Be7 7. Bg5 Nbd7 8. e3 Nh5 9. Bxe7 Qxe7 10. Be2 Nb6 11. 0-0 0-0 12. Ne5 Nf6 13. Rab1 a5 14. Bd3 h6 15. Ne2 Ng4 16. Nxg4 Bxg4 17. Ng3 Rfe8 18. h3 Be6 19. Rbe1 Rac8 20. f4 c5 21. f5 c4 22. fxe6 cxd3 23. exf7+ Qxf7 24. Qxd3 Qd7 25. Qg6 Rf8 26. Nf5 Kh8 27. Nd6 Qc6 28. Nf7+ Kg8 29. Nxh6+ Kh8 30. Nf7+ Kg8 31. Qh5 1-0

[Event "Cerdanyola del Valles op 24th"]
[Site "Cerdanyola del Valles"]
[Date "2016.11.19"]
[Round "7"]
[White "Jimenez Ruano, Adrian"]
[Black "Sama Salinas, Hector"]
[Result "0-1"]
[WhiteElo "2133"]
[BlackElo "2099"]
[PlyCount "92"]
[EventDate "2016.10.01"]
[EventType "swiss"]
[EventRounds "8"]
[EventCountry "ESP"]
[SourceTitle "EXT 2018"]
[Source "ChessBase"]
[SourceDate "2017.10.13"]
[SourceVersion "1"]
[SourceVersionDate "2017.10.13"]
[SourceQuality "1"]

1. d4 g6 2. c4 Bg7 3. Nc3 c5 4. d5 Bxc3+ 5. bxc3 f5 6. h4 Nf6 7. h5 Rg8 8. hxg6 hxg6 9. e3 Qa5 10. Qc2 d6 11. Nf3 Nbd7 12. Bd3 Nb6 13. Bb2 Bd7 14. Nd2 0-0-0 15. Qb3 Rh8 16. Rxh8 Rxh8 17. f3 Qa6 18. Be2 Ba4 19. Qa3 Nfd7 20. f4 Nf6 21. Bc1 Ng4 22. Nf1 Nxc4 23. Qb2 Nxb2 24. Bxa6 bxa6 25. Bxb2 Rh1 26. Kd2 Rg1 27. Kd3 Rxg2 28. Ba3 Bc2+ 29. Kc4 Rg1 30. Bxc5 dxc5 31. Kxc5 Bd3 32. Rd1 Bxf1 33. d6 exd6+ 34. Rxd6 Nxe3 35. Re6 Nc4 36. Rxa6 Kb7 37. Re6 Nb6 38. Re7+ Ka6 39. Rg7 Bb5 40. Kd6 Rg4 41. Kc7 Rxf4 42. a4 Rc4+ 43. Kd6 Bxa4 44. Rh7 f4 45. Ke5 f3 46. Rf7 Rc5+ 0-1

[Event "ESP-ch U16"]
[Site "Granada"]
[Date "2016.07.20"]
[Round "5"]
[White "Perez Garcia, Alejandro"]
[Black "Sama Salinas, Hector"]
[Result "1/2-1/2"]
[WhiteElo "2328"]
[BlackElo "2096"]
[PlyCount "98"]
[EventDate "2016.07.18"]
[EventType "swiss"]
[EventRounds "9"]
[EventCountry "ESP"]
[SourceTitle "EXT 2024"]
[Source "ChessBase"]
[SourceDate "2023.10.10"]
[SourceVersion "1"]
[SourceVersionDate "2023.10.10"]
[SourceQuality "1"]

1. d4 g6 2. e4 Bg7 3. Nf3 c6 4. Nc3 d5 5. h3 Nf6 6. e5 Ne4 7. Nxe4 dxe4 8. Ng5 c5 9. c3 cxd4 10. cxd4 Nc6 11. Be3 Qa5+ 12. Qd2 Qxd2+ 13. Kxd2 0-0 14. Bc4 h6 15. Nxe4 Rd8 16. Kc3 Bf5 17. f3 Bxe4 18. fxe4 Rac8 19. a4 Bxe5 20. Rhd1 Bc7 21. b4 Ba5 22. Rab1 Bb6 23. Bg1 Rd7 24. Rbc1 e5 25. d5 Bxg1 26. Rxg1 Nd4 27. Kd3 a6 28. b5 a5 29. b6 Rd6 30. Rb1 Ne6 31. Bb5 Nf4+ 32. Kd2 f5 33. Rgc1 Rxc1 34. Rxc1 Rxb6 35. g3 Nxh3 36. exf5 gxf5 37. Rc8+ Kf7 38. Kc3 Ng5 39. Kc4 Ne4 40. Ra8 Nxg3 41. Kc5 Rf6 42. Bd3 b6+ 43. Kb5 e4 44. Ra7+ Ke8 45. Bc4 e3 46. Ra8+ Ke7 47. Ra7+ Kd6 48. Rb7 Ke5 49. Re7+ Kd4 1/2-1/2